Rozpoznaj państwa po trójstyku na mapie #4 - Statystyki

Ogólne statystyki
  • Ten quiz został rozwiązany 2 162 razy
  • Średni wynik to 19 z 27
Statystyki odpowiedzi
Obrazkowy Odpowiedź % Poprawnych
Rosja
97%
Litwa
96%
Polska
96%
Somalia
83%
Chile
81%
Etiopia
81%
Peru
80%
Belgia
78%
Boliwia
78%
Holandia
78%
Kenia
78%
Niemcy
78%
Austria
74%
Słowenia
74%
Włochy
74%
Gwinea Równikowa
70%
Kamerun
67%
Gabon
65%
Wietnam
59%
Laos
58%
Kambodża
57%
Irak
56%
Syria
54%
Turcja
54%
Salwador
46%
Gwatemala
45%
Honduras
45%
Nie znaleziono quizów pasujących do podanych kryteriów
Rozkład punktacji
Procent ludzi z każdym wynikiem
Percentyl według liczby udzielonych odpowiedzi
Twoja historia wyników
Nie rozwiązałeś tego quizu